La guerra fría: la OTAN frente al Pacto de Varsovia

Պահպանված է:
Մատենագիտական մանրամասներ
Հիմնական հեղինակներ: Gil Pecharromán, Julio (Հեղինակ), Carreras, Juan José (Հեղինակ), Salom, Julio (Հեղինակ), Vives, Pedro A (Հեղինակ), Florensa, Senén (Հեղինակ), Viñas, Angel (Հեղինակ)
Այլ հեղինակներ: Moreno García, Julia (autora)
Ձևաչափ: Գիրք
Լեզու:իսպաներեն
Հրապարակվել է: Madrid Temas de Hoy 1998
Շարք:Siglo XX Historia Universal, 21
Խորագրեր:
Ցուցիչներ: Ավելացրեք ցուցիչ
Չկան պիտակներ, Եղեք առաջինը, ով նշում է այս գրառումը!

MARC

LEADER 00000nam a2200000 a 4500
001 UCL0666
003 CL-VaPUC
008 030808e19980000SP |||||||||||||||||spa|d
020 |a 847679391X 
082 0 4 |a 909.825  |b GIL  |2 21 
100 |a Gil Pecharromán, Julio  |e author  |9 519644 
700 0 |a Carreras, Juan José  |e author  |9 477401 
700 0 |a Salom, Julio  |e author  |9 477402 
700 0 |a Vives, Pedro A  |e author  |9 477403 
700 0 |a Florensa, Senén  |e author  |9 477404 
700 |a Moreno García, Julia  |e autora  |9 868465 
700 0 |a Viñas, Angel  |e author  |9 477405 
245 1 3 |a La guerra fría: la OTAN frente al Pacto de Varsovia 
300 |a 130 p 
942 |c BK 
945 |d 20030808 00:00:00  |a cmena 
260 |a Madrid  |b Temas de Hoy  |c 1998 
600 0 7 |a OTAN  |2 CL-VaPUC  |9 255771 
600 0 7 |a PACTO DE VARSOVIA  |2 CL-VaPUC  |9 477406 
650 0 |a Historia universal  |9 266877 
650 0 |a Guerra Fría   |9 319648 
650 0 |a Relaciones Internacionales  |9 255740 
650 0 |a Tratados internacionales   |9 256056 
651 0 |a Estados Unidos  |9 255178 
651 0 |a Unión Soviética  |9 256769 
583 |a last modification  |c 20030808 00:00:00  |k Rodrigo Vera 
490 0 |a Siglo XX Historia Universal, 21 
999 |c 304482  |d 304480 
952 |0 0  |1 0  |4 0  |6 909_825000000000000_GIL_1998  |7 0  |8 A  |9 366784  |a BIBHIS  |b BIBHIS  |d 2019-11-21  |i 392565K  |o 909.825 GIL 1998  |p 392565K  |r 2025-01-20  |w 2019-11-21  |y BK  |k HIS